000 01183nam a2200313Ia 4500
001 ebr10538598
003 CaPaEBR
006 m u
007 cr cn|||||||||
008 111116s2012 cau s 001 0 eng d
010 _z 2011047634
020 _z9781118205440
020 _z9781118228456
040 _aCaPaEBR
_cCaPaEBR
035 _a(OCoLC)772528335
050 1 4 _aHF5734.7
_b.C535 2012eb
082 0 4 _a658.3/12404
_223
100 1 _aClay, Cynthia,
_d1955-
245 1 0 _aGreat webinars
_h[electronic resource] :
_bhow to create interactice learning that is captivating, informative, and fun /
_cCynthia Clay.
260 _aSan Francisco :
_bPfeiffer,
_c2012.
300 _axxii, 185 p.
500 _aIncludes index.
533 _aElectronic reproduction.
_bPalo Alto, Calif. :
_cebrary,
_d2011.
_nAvailable via World Wide Web.
_nAccess may be limited to ebrary affiliated libraries.
650 0 _aComputer conferencing.
650 0 _aTeleconferencing.
655 7 _aElectronic books.
_2local
710 2 _aebrary, Inc.
856 4 0 _uhttp://site.ebrary.com/lib/rucke/Doc?id=10538598
_zAn electronic book accessible through the World Wide Web; click to view
999 _c243975
_d243975